Visual basic complete (Record no. 51)

MARC details
000 -LEADER
fixed length control field 00516cam a2200205ua 4500
008 - FIXED-LENGTH DATA ELEMENTS--GENERAL INFORMATION
fixed length control field 110314n ii |||gr||||Z||||||eng
020 ## - INTERNATIONAL STANDARD BOOK NUMBER
International Standard Book Number 81-219-2345-X
040 ## - CATALOGING SOURCE
Transcribing agency MAIN
082 ## - DEWEY DECIMAL CLASSIFICATION NUMBER
Classification number 005.118
100 ## - MAIN ENTRY--PERSONAL NAME
Personal name Sinha, Prosenjit.,
245 1# - TITLE STATEMENT
Title Visual basic complete
Statement of responsibility, etc. by Prosenjit Sinha
250 ## - EDITION STATEMENT
Edition statement 1st.
260 ## - PUBLICATION, DISTRIBUTION, ETC.
Place of publication, distribution, etc. New Delhi:
Name of publisher, distributor, etc. S. Chand,
Date of publication, distribution, etc. 2008.
300 ## - PHYSICAL DESCRIPTION
Extent x, 292p.:
Other physical details ill.;
Dimensions 25cm.
942 ## - ADDED ENTRY ELEMENTS (KOHA)
Koha item type Books
653 ## - INDEX TERM--UNCONTROLLED
Uncontrolled term Computer sceince
653 ## - INDEX TERM--UNCONTROLLED
Uncontrolled term Computer programming
653 ## - INDEX TERM--UNCONTROLLED
Uncontrolled term Visual basic complete
Holdings
Withdrawn status Lost status Damaged status Not for loan Home library Current library Shelving location Date acquired Total Checkouts Full call number Barcode Date last seen Copy number Price effective from Koha item type
        Central Library, Naharkatiya College Central Library, Naharkatiya College General Stacks 19/09/2020   005.118 | SIN 17544 19/09/2020 1 19/09/2020 Books

Naharkatiya College © 2020. All rights reserved.

Powered By